| 000 | 00566nam a22001815i 4500 | ||
|---|---|---|---|
| 001 | 48513 | ||
| 003 | ES-MaACL | ||
| 005 | 20240512063033.0 | ||
| 007 | t| | ||
| 008 | 950724s1890 sp ||||1| spa d | ||
| 040 |
_aCAM _bspa _cCAM |
||
| 100 | 1 |
_aDelgado y Martín, Eleuterio, _d1852-1908 _943468 |
|
| 245 | 1 | 0 |
_aRebeliones de Vizcaya en el s. XVII / _cpor Eleuterio Delgado Martin. |
| 260 |
_aMadrid : _b[s.n.], _c1890 ( _ftipografía de Manuel G. Hernández) |
||
| 300 |
_a26 p. ; _c23 cm. |
||
| 852 |
_aES-MaACL _jT-555-F-12 |
||
| 999 |
_c48513 _d48513 |
||